[Event "GER-chT U12"]
[Site "Magdeburg"]
[Date "2015.12.30"]
[Round "7.1"]
[White "Triantafillidis, Simeon"]
[Black "Schubert, Christoph"]
[Result "1/2-1/2"]
[WhiteElo "1587"]
[BlackElo "1447"]
[PlyCount "52"]
[EventDate "2015.12.27"]
[EventType "team-swiss"]
[EventRounds "7"]
[EventCountry "GER"]
[SourceTitle "EXT 2017"]
[Source "ChessBase"]
[SourceDate "2016.10.25"]
[SourceVersion "1"]
[SourceVersionDate "2016.10.25"]
[SourceQuality "1"]
[WhiteTeam "Biberach"]
[BlackTeam "Dresden TU"]
[WhiteTeamCountry "GER"]
[BlackTeamCountry "GER"]

1. e4 c5 2. c3 d5 3. exd5 Qxd5 4. d4 Nc6 5. Nf3 Bg4 6. Be2 Nf6 7. 0-0 e6 8. Bf4 Be7 9. Na3 0-0 10. Nc2 Qd7 11. Be5 Bxf3 12. Bxf3 Nxe5 13. dxe5 Nd5 14. Re1 Rad8 15. Qd3 Nb6 16. Qe4 Qc6 17. Qg4 Qc7 18. Qf4 Rd7 19. Rad1 f6 20. Bg4 Rxd1 21. Rxd1 fxe5 22. Bxe6+ Kh8 23. Qg3 Rf6 24. Qh3 Rh6 25. Qf5 Rf6 26. Qh3 Rh6 1/2-1/2

[Event "GER-chT U10"]
[Site "Magdeburg"]
[Date "2013.12.28"]
[Round "4.2"]
[White "Schubert, Christoph"]
[Black "Dietrich, Leif"]
[Result "1/2-1/2"]
[WhiteElo "1108"]
[BlackElo "779"]
[PlyCount "126"]
[EventDate "2013.12.27"]
[EventType "team-swiss"]
[EventRounds "5"]
[EventCountry "GER"]
[SourceTitle "EXT 2015"]
[Source "ChessBase"]
[SourceDate "2014.11.20"]
[SourceVersion "1"]
[SourceVersionDate "2014.11.20"]
[SourceQuality "1"]
[WhiteTeam "Dresden"]
[BlackTeam "Hamburger SK"]
[WhiteTeamCountry "GER"]
[BlackTeamCountry "GER"]

1. e4 c5 2. Nf3 Nc6 3. d4 cxd4 4. Nxd4 Nf6 5. Nc3 e5 6. Nf3 Bb4 7. Bd2 d5 8. exd5 Nxd5 9. Nxd5 Qxd5 10. c3 Bc5 11. Be2 0-0 12. 0-0 h6 13. Qc2 e4 14. Ne1 Bf5 15. Rd1 e3 16. Bxe3 Bxc2 17. Rxd5 Bxe3 18. Nxc2 Bb6 19. Rfd1 Rfe8 20. Bf1 Re5 21. Rxe5 Nxe5 22. Re1 Ng4 23. Re2 Kf8 24. h3 Nf6 25. Ne3 Re8 26. Nc4 Rxe2 27. Bxe2 Bc5 28. Ne5 Ke7 29. b4 Bb6 30. Bf3 Kd6 31. Nc4+ Kc7 32. Nxb6 Kxb6 33. Bd1 Nd5 34. c4 Nxb4 35. a3 Nd3 36. Kf1 Kc5 37. Ke2 Kxc4 38. Ke3 Nb2 39. Bf3 b6 40. Bc6 b5 41. Ke4 Kb3 42. Bxb5 Kxa3 43. Be8 f6 44. Kf5 a5 45. Kg6 f5 46. Kxf5 a4 47. Kg6 Kb4 48. Kxg7 a3 49. Bf7 Nc4 50. f4 a2 51. Bxc4 a1Q+ 52. Kxh6 Kxc4 53. f5 Qf6+ 54. Kh5 Qxf5+ 55. Kh4 Kd4 56. g4 Qf4 57. Kh5 Ke5 58. g5 Qf3+ 59. Kh6 Qxh3+ 60. Kg6 Qe6+ 61. Kh5 Kf5 62. Kh4 Qh6+ 63. gxh6 Kg6 1/2-1/2

[Event "GER-chT U10"]
[Site "Magdeburg"]
[Date "2013.12.27"]
[Round "2.2"]
[White "Schubert, Christoph"]
[Black "Hundrieser, Malte"]
[Result "0-1"]
[WhiteElo "1108"]
[BlackElo "1224"]
[PlyCount "100"]
[EventDate "2013.12.27"]
[EventType "team-swiss"]
[EventRounds "5"]
[EventCountry "GER"]
[SourceTitle "EXT 2015"]
[Source "ChessBase"]
[SourceDate "2014.11.20"]
[SourceVersion "1"]
[SourceVersionDate "2014.11.20"]
[SourceQuality "1"]
[WhiteTeam "Dresden"]
[BlackTeam "Doellnitz"]
[WhiteTeamCountry "GER"]
[BlackTeamCountry "GER"]

1. e4 c6 2. Nf3 d5 3. Nc3 d4 4. Ne2 c5 5. d3 Nc6 6. c3 e5 7. Qc2 Bg4 8. Nd2 Bd6 9. h3 Be6 10. Ng3 Nf6 11. Be2 0-0 12. 0-0 Rc8 13. Nf3 Re8 14. Bd2 b5 15. b3 dxc3 16. Bxc3 Nd4 17. Bxd4 cxd4 18. Qd2 b4 19. Rfc1 Rc3 20. Qd1 Qc7 21. Nd2 Rc8 22. Nc4 Bxc4 23. bxc4 Bc5 24. Nf5 g6 25. Nh6+ Kg7 26. Ng4 Nxg4 27. Bxg4 Rb8 28. Qd2 Qa5 29. Bd1 Qa3 30. Bc2 Qb2 31. Kf1 h6 32. Ke1 Be7 33. Kd1 Bg5 34. Rcb1 Qxb1+ 35. Rxb1 Bxd2 36. Kxd2 Ra3 37. Ra1 b3 38. Bxb3 Rbxb3 39. Kc2 Rxd3 40. f3 Rac3+ 41. Kb2 Rxc4 42. Re1 Rd2+ 43. Kb1 Rxg2 44. Rf1 d3 45. Rd1 d2 46. a3 Re2 47. Kb2 Rc1 48. Rxc1 d1Q+ 49. Kb1 Qb3+ 50. Ka1 Qa2# 0-1

[Event "Sachsen-ch U08"]
[Site "Sebnitz"]
[Date "2011.04.27"]
[Round "3"]
[White "Schade, Johannes"]
[Black "Schubert, Christoph"]
[Result "1-0"]
[WhiteElo "758"]
[BlackElo "877"]
[PlyCount "159"]
[EventDate "2011.04.26"]
[EventType "swiss"]
[EventRounds "7"]
[EventCountry "GER"]
[SourceTitle "EXT 2012"]
[Source "ChessBase"]
[SourceDate "2011.11.24"]
[SourceVersion "1"]
[SourceVersionDate "2011.11.24"]
[SourceQuality "1"]

1. e4 e5 2. Nf3 Nc6 3. Bc4 Nf6 4. d3 Bc5 5. c3 d6 6. Bg5 h6 7. Bxf6 Qxf6 8. Nbd2 Bg4 9. Qe2 0-0-0 10. 0-0-0 Na5 11. Rhe1 Nxc4 12. dxc4 Bxf3 13. gxf3 Qf4 14. h4 Qxh4 15. Rh1 Qxf2 16. Qd3 Be3 17. Rhf1 Qg3 18. Qxe3 b6 19. Rg1 Qh4 20. Rh1 Qe7 21. Rdg1 Rdg8 22. Kb1 f6 23. c5 dxc5 24. Rd1 Rd8 25. Qe2 Rd6 26. Qa6+ Kd7 27. Nc4 Rxd1+ 28. Rxd1+ Ke6 29. Rd3 Rd8 30. Rxd8 Qxd8 31. Ne3 f5 32. exf5+ Kf6 33. Qxa7 Qd2 34. Qa4 Qxe3 35. Qd7 Qxf3 36. Qe6+ Kg5 37. Qg6+ Kf4 38. a3 Qd1+ 39. Ka2 Ke3 40. Qxg7 Kd2 41. Qg2+ Kd3 42. f6 c4 43. Qg6+ Kd2 44. Qg2+ Kc1 45. f7 Qc2 46. Qxc2+ Kxc2 47. f8Q e4 48. Qxh6 Kd3 49. Qh7 b5 50. Qd7+ Ke3 51. Qh3+ Kf4 52. Qd7 e3 53. Qxb5 Kf3 54. Qf5+ Kg2 55. Qg5+ Kf2 56. Qh4+ Kf1 57. Qxc4+ e2 58. Qf4+ Kg2 59. Qe3 Kf1 60. Qf3+ Ke1 61. a4 Kd2 62. Qd5+ Kc1 63. Qh1+ Kd2 64. a5 c5 65. a6 e1Q 66. Qxe1+ Kxe1 67. a7 Kf2 68. a8Q c4 69. b3 cxb3+ 70. Kxb3 Ke2 71. c4 Ke3 72. c5 Kd4 73. c6 Ke5 74. c7 Kf4 75. c8Q Ke5 76. Qa4 Kf6 77. Qc5 Ke6 78. Qa6+ Kf7 79. Qc7+ Kg8 80. Qa8# 1-0

[Event "Sachsen-ch U08"]
[Site "Sebnitz"]
[Date "2011.04.27"]
[Round "2"]
[White "Schubert, Christoph"]
[Black "Lieberwirth, Kasimir"]
[Result "0-1"]
[WhiteElo "877"]
[BlackElo "998"]
[PlyCount "82"]
[EventDate "2011.04.26"]
[EventType "swiss"]
[EventRounds "7"]
[EventCountry "GER"]
[SourceTitle "EXT 2012"]
[Source "ChessBase"]
[SourceDate "2011.11.24"]
[SourceVersion "1"]
[SourceVersionDate "2011.11.24"]
[SourceQuality "1"]

1. e4 c5 2. Nf3 d6 3. d4 cxd4 4. Nxd4 Nf6 5. Nc3 e6 6. Bb5+ Nbd7 7. Bf4 e5 8. Be3 exd4 9. Bxd4 Be7 10. e5 dxe5 11. Bxe5 0-0 12. Bxf6 Nxf6 13. Qf3 a6 14. Bxa6 Rxa6 15. Rd1 Bg4 16. Rxd8 Bxf3 17. Rd3 Bxg2 18. Rg1 Nh5 19. Rd7 Re6+ 20. Kd1 Bf3+ 21. Kc1 h6 22. Nb5 Bc6 23. Rc7 Bxb5 24. Rxb7 Bc6 25. Rb3 Bd5 26. Rh3 Nf4 27. Rd3 Nxd3+ 28. cxd3 Bxa2 29. f4 Rc8+ 30. Kd1 Rec6 31. Ke2 Re8 32. Kf3 Bc5 33. Rg2 Bd5+ 34. Kg3 Bxg2 35. Kxg2 Re3 36. b3 Rg6+ 37. Kf2 Rh3+ 38. d4 Bxd4+ 39. Ke2 Rg2+ 40. Kf1 Rhxh2 41. Ke1 Rg1# 0-1

[Event "Sachsen-ch U08"]
[Site "Sebnitz"]
[Date "2011.04.26"]
[Round "1"]
[White "Mueller, Richard1111"]
[Black "Schubert, Christoph"]
[Result "0-1"]
[WhiteElo "737"]
[BlackElo "877"]
[PlyCount "76"]
[EventDate "2011.04.26"]
[EventType "swiss"]
[EventRounds "7"]
[EventCountry "GER"]
[SourceTitle "EXT 2012"]
[Source "ChessBase"]
[SourceDate "2011.11.24"]
[SourceVersion "1"]
[SourceVersionDate "2011.11.24"]
[SourceQuality "1"]

1. e4 e5 2. Nf3 Nc6 3. Nc3 Bc5 4. d3 Nf6 5. Bd2 Nd4 6. Nxd4 exd4 7. Nd5 Nxd5 8. exd5 Qe7+ 9. Qe2 d6 10. Rc1 Bg4 11. h3 Bxe2 12. Bxe2 0-0 13. 0-0 Qxe2 14. Rce1 Qxd2 15. Rc1 Rfe8 16. Rcd1 Qxc2 17. a3 Bb6 18. a4 Ba5 19. Rb1 Qe2 20. Rbc1 Re7 21. b3 Bd2 22. Rc2 Rae8 23. b4 Re5 24. Rxc7 Bf4 25. Rxb7 Qe1 26. g3 Bxg3 27. Rxe1 Rxe1+ 28. Kg2 Bxf2 29. Kxf2 Ra1 30. a5 Ra2+ 31. Kf3 a6 32. Ra7 Re3+ 33. Kf4 Rf2+ 34. Kg4 f5+ 35. Kg5 Rxh3 36. Rxa6 Rg3+ 37. Kh4 Rg1 38. Rxd6 Rh2# 0-1